000 00492ntaaa2200181 4500
003 01
005 20251027202244.0
008 0714s1973 ag 01
040 _aAR-BaBN
_bspa
_cAR-BaBN
_eaacr
_dRIC
082 _a268.4000 St9g
245 _aGuía para el engrandecimiento de la escuela dominical
250 _a1 ed.
260 _aEl Paso :
_bCasa Bautista de Publicaciones,
_c1975
300 _a127 p
650 _aescuela dominical
_94648
700 _aStuart, Jorge W
_920941
942 _cBK
999 _c17333
_d17333